000 00754nam a2200253Ia 4500
003 OSt
005 20221005064754.0
006 a|||||r|||| 00| 0
007 ta
008 221004b |||||||| |||| 00| 0 eng d
020 _a9781405175289 (pbk)
_c1135.04
024 _a89210
037 _b358, 19/03/2008, Bhartiya Sahitya Bhawan
_cTextual
040 _aCRL
_cCRL
_beng
041 _2eng
_aeng
082 _aO111:gN, P8
100 _aLeitch Vincent B.
245 0 _aLiving with theory
260 _aMalden
_bBlackwell Publishing USA
_c2008
300 _a184p.
_ccm.
650 _aENGLISH LITERATURE
942 _hO111:gN, P8
_cTEXL
_2cc
999 _c973618
_d973618